000 00390ntaaa2200157 4500
003 01
005 20251027201936.0
008 0714s1973 ag 01
040 _aAR-BaBN
_bspa
_cAR-BaBN
_eaacr
_dRIC
082 _a245.0000 M31
100 _aMansilla, Domingo C.
_917995
245 _aRumores de la brisa
250 _a1 ed. :
_bJunta de Publicaciones,
_cc1948
300 _a58 p.
942 _cBK
999 _c14146
_d14146